00408nam a2200121Ia 4500008004100000024004500041082001800086100005900104245003800163260002600201600002100227650003800248260210s9999 xx 000 0 und d a10B-10-BS, 10B-32-BS & 10B-34-BS a005.25072 UME aM.Umer mukhtar, M. Waqas Pasha & Abdul Rafay Waqar 0aMetro Cab System (using IP-radio) aKarachi:bUITU,c2010 aComputer Science aBachelor of Computer Science (BS)